| 000 | 004690000a22001810004500 | ||
|---|---|---|---|
| 003 | MACL | ||
| 005 | 20150708112616.0 | ||
| 008 | 150708b xxu||||| |||| 00| 0 eng d | ||
| 040 |
_aMACL _cMACL |
||
| 041 | _aEnglish | ||
| 082 | _a320/HAM | ||
| 100 |
_aHamadani, Agha Hussain _91350 |
||
| 245 | _aThe Frontier Policy of the Delhi Sultans | ||
| 260 |
_bAtlantic Publishers _c1992 _aNew Delhi |
||
| 350 | _a250 | ||
| 650 |
_aPolitical Science _988 |
||
| 942 |
_cBK _k320 _2ddc |
||
| 999 |
_c4710 _d4710 |
||